| 000 | 01420nam a2200349 4500 | ||
|---|---|---|---|
| 003 | OSt | ||
| 005 | 20260530115312.0 | ||
| 008 | 260504b2005 sp a|||| |||| 00| 0 eng d | ||
| 020 | _a3832790535 | ||
| 040 |
_aICI _bspa _cICI |
||
| 041 |
_ager _aeng _afre _aspa _aita |
||
| 050 |
_aTS171 _bF66 |
||
| 245 | 1 | 0 |
_aFood Design / _ceditor in chief, Paco Asensio ; editor Oscar Asensio ; text Cristian Campos ; english translation, Jane Wintle ; french translation, Marion Westerhoff ; german translation, Susann Engler ; italian translation, Donatella Talpo |
| 264 | 1 |
_bTeNeues, _c[2005] _aKempen : |
|
| 300 |
_a399 páginas : _bilustraciones a color |
||
| 336 |
_atexto _2rdacontent |
||
| 337 |
_asin medio _2rdamedia |
||
| 338 |
_avolumen _2rdacarrier |
||
| 500 | _aTexto en inglés, francés, italiano y presentación en inglés, alemán, francés, español e italiano | ||
| 650 | 4 |
_aDiseño industrial _915218 |
|
| 650 | 4 |
_a Alimentos _xEnvasado _933016 |
|
| 650 | 4 |
_aPublicidad _xAlimentos _933017 |
|
| 650 | 4 |
_a Utensilios de cocina _xDiseño _933018 |
|
| 700 | 1 |
_aAsensio Cerver, Francisco, _eeditor |
|
| 700 | 1 |
_aAsensio, Óscar, _eeditor |
|
| 700 | 1 |
_aCampos, Cristian, _eautor _933021 |
|
| 700 | 1 |
_aWintle, Jane, _etraductor _933022 |
|
| 700 | 1 |
_aWesterhoff, Marion, _etraductor _929216 |
|
| 700 | 1 |
_aEngler, Susann, _etraductor _933023 |
|
| 700 | 1 |
_aTalpo, Donatella, _etraductor _933024 |
|
| 942 |
_2lcc _cBK _n1 |
||
| 999 |
_c13424 _d13424 |
||